Thi pháp truyện cổ tích thần kỳ người Việt

Giới thiệu khái quát về thi pháp truyện cổ tích thần kì. Nghiên cứu và phân tích về nhân vật, cốt truyện, phong cách ngôn ngữ, các biện pháp nghệ thuật trong thi pháp truyện cổ tích thần kỳ

Saved in:
Bibliographic Details
Main Author: Nguyễn Xuân Đức
Format: Book
Language:Vietnamese
Published: H. Văn hoá dân tộc 2011
Subjects:
Tags: Add Tag
No Tags, Be the first to tag this record!
Institutions: Mạng thư viện Đại học Đà Nẵng
LEADER 01575aam a22003738a 4500
001 000015915
003 12303
005 20120606070627.0
008 120606s2011 viesd
020 |a 9786047000890  |d 2000b 
041 0 |a vie 
082 1 4 |2 14  |a 398.209597  |b NG-Đ 
100 1 |a Nguyễn Xuân Đức 
245 1 0 |a Thi pháp truyện cổ tích thần kỳ người Việt  |c Nguyễn Xuân Đức 
260 |a H.  |b Văn hoá dân tộc  |c 2011 
300 |a 159tr.  |c 21cm 
500 |a ĐTTS ghi: Hội Văn nghệ dân gian Việt Nam 
504 |a Phụ lục: tr. 143-146. - Thư mục: tr. 149-157 
520 |a Giới thiệu khái quát về thi pháp truyện cổ tích thần kì. Nghiên cứu và phân tích về nhân vật, cốt truyện, phong cách ngôn ngữ, các biện pháp nghệ thuật trong thi pháp truyện cổ tích thần kỳ 
650 7 |2 Bộ TK TVQG  |a Truyện cổ tích 
650 7 |2 Bộ TK TVQG  |a Nghiên cứu văn học 
650 7 |2 Bộ TK TVQG  |a Văn học dân gian 
650 7 |2 Bộ TK TVQG  |a Thi pháp 
651 7 |2 Bộ TK TVQG  |a Việt Nam 
OWN |a LSP 
AVA |a UDN50  |b LSP  |d 398.209597 NG-Đ  |e available  |t Error 5001 Not defined in file expand_doc_bib_avail.  |f 1  |g 0  |h N  |i 0  |k 1 
999 |a From the UDN01 
AVA |a UDN50  |b LSP  |d 398.209597 NG-Đ  |e available  |t Error 5001 Not defined in file expand_doc_bib_avail.  |f 1  |g 0  |h N  |i 0  |k 1 
TYP |a Monograph 
TYP |a Printed language 
980 |a Mạng thư viện Đại học Đà Nẵng